000 00453nam a2200181Ia 4500
001 5201
005 20260306145851.0
008 260306t2015||||xx |||||||||||||| ||spa||
041 _aESP
082 _a338.0985
_bL65
100 _aLinklater M., Diana
_eAUT
245 0 _aExperiencias de comercio exterior:
_bcasos 100 % peruanos
260 _c2015
300 _a416 páginas :
_c27 cm.
650 _aGEN
654 _aCAN
942 _cLIB
_dJUS
_fJUS
_2ddc
_n
999 _c5201
_d5201